Visualizzazione normale
Vista MARC
di Personal Name
Records bibliografici associati: 1
001 - CONTROL NUMBER
- control field: 157
003 - CONTROL NUMBER IDENTIFIER
- control field: IT-RoPau
005 - DATE AND TIME OF LATEST TRANSACTION
- control field: 20130111113833.0
008 - FIXED-LENGTH DATA ELEMENTS
- fixed length control field: 130111|| aca||aabn | a|a d
040 ## - CATALOGING SOURCE
- Original cataloging agency: IT-RoPau
- Transcribing agency: IT-RoPau
100 ## - HEADING--PERSONAL NAME
- Personal name:
- Titles and other words associated with a name: pddm.
670 ## - SOURCE DATA FOUND
- Source citation: Work cat.: (IT-RoPau)37469: Tapang, Agnes A. ssp 156, Giacomo Alberione (1884-1971) and the liturgical movement, 1989